W jakich krajach znajdują się te miasta? - Statystyki

Ogólne statystyki
  • Ten quiz został rozwiązany 466 razy
  • Średni wynik to 10 z 13
Statystyki odpowiedzi
Hint Odpowiedź % Poprawnych
Pyongyang Korea Północna
91%
Nowosybirsk Rosja
89%
Hawana Kuba
87%
Montreal Kanada
85%
Santiago Chile
81%
Koszyce Słowacja
79%
Sapporo Japonia
78%
Rabat Maroko
77%
Sewastopol Rosja
74%
Kłajpeda Litwa
70%
Tajpej Tajwan
70%
Rijad Arabia Saudyjska
69%
Mosul Irak
49%
Nie znaleziono quizów pasujących do podanych kryteriów
Rozkład punktacji
Procent ludzi z każdym wynikiem
Percentyl według liczby udzielonych odpowiedzi
Twoja historia wyników
Nie rozwiązałeś tego quizu